Ivory Grove Ltd v Global Grange Ltd (Record no. 73360)
[ view plain ]
| 000 -LEADER | |
|---|---|
| fixed length control field | 01717cam a2200265 4500 |
| 001 - CONTROL NUMBER | |
| control field | ABS66998 |
| 008 - FIXED-LENGTH DATA ELEMENTS--GENERAL INFORMATION | |
| fixed length control field | 030904n2003 000 0 eng u |
| 035 ## - SYSTEM CONTROL NUMBER | |
| System control number | (Sirsi) u123505 |
| 245 ## - TITLE STATEMENT | |
| Title | Ivory Grove Ltd v Global Grange Ltd |
| 260 ## - PUBLICATION, DISTRIBUTION, ETC. | |
| Date of publication, distribution, etc. | 2003 |
| 490 ## - SERIES STATEMENT | |
| Series statement | Estates Gazette Case Summaries |
| Volume/sequential designation | [2003] 26 EG 179 (CS) (1) |
| 490 ## - SERIES STATEMENT | |
| Series statement | Weekly Law Reports |
| Volume/sequential designation | [2003] 1 WLR 2090-2108(19) |
| 520 ## - SUMMARY, ETC. | |
| Summary, etc. | [2003] EWHC 1409 (Ch), 18 June 2003. Respondent landlord (G) refused tenant I's application for a new tenancy under the Landlord and Tenant Act 1954 s30(1)(f) on the basis that it was intending to carry out substantial building works to refurbish the premises in order to bring them up to a three or four crown standard in accordance with guidelines issued by the English Tourist Board. I claimed that the proposed works came within the category of general refurbishment and did not constitute demolition or reconstruction for the purposes of s30(1)(f) of the Act. County Court found for G. I appealed. HC upheld the County Court decision. View judgment at www.bailii.org. (See also "Marazzi and another v Global Grange Ltd" ([2003] EWHC 3010 (Ch), Abs66997) and Abs66828). |
| 590 ## - LOCAL NOTE (RLIN) | |
| Local note | ABS |
| 650 ## - SUBJECT ADDED ENTRY--TOPICAL TERM | |
| Topical term or geographic name entry element | IVORY GROVE LTD V GLOBAL GRANGE LTD |
| 650 ## - SUBJECT ADDED ENTRY--TOPICAL TERM | |
| Topical term or geographic name entry element | LANDLORD AND TENANT ACT 1954 S30(1)(F) |
| 650 ## - SUBJECT ADDED ENTRY--TOPICAL TERM | |
| Topical term or geographic name entry element | MARAZZI AND ANOTHER V GLOBAL GRANGE LTD |
| 650 ## - SUBJECT ADDED ENTRY--TOPICAL TERM | |
| Topical term or geographic name entry element | STRUCTURAL WORKS |
| 650 ## - SUBJECT ADDED ENTRY--TOPICAL TERM | |
| Topical term or geographic name entry element | HOTELS |
| 650 ## - SUBJECT ADDED ENTRY--TOPICAL TERM | |
| Topical term or geographic name entry element | DEMOLITION |
| 650 ## - SUBJECT ADDED ENTRY--TOPICAL TERM | |
| Topical term or geographic name entry element | BUILT ENVIRONMENT-BUILDING MAINTENANCE AND REFURBISHMENT |
| 690 ## - LOCAL SUBJECT ADDED ENTRY--TOPICAL TERM (OCLC, RLIN) | |
| Topical term or geographic name as entry element | LANDLORD AND TENANT-BUSINESS TENANCIES-CASE LAW |
| 856 ## - ELECTRONIC LOCATION AND ACCESS | |
| Uniform Resource Identifier | <a href="https://www.bailii.org/cgi-bin/markup.cgi?doc=/ew/cases/EWHC/Ch/2003/1409.html">https://www.bailii.org/cgi-bin/markup.cgi?doc=/ew/cases/EWHC/Ch/2003/1409.html</a> |
| Public note | View judgment on the BAILII website... |
| 942 ## - ADDED ENTRY ELEMENTS (KOHA) | |
| Suppress in OPAC | 0 |
| Withdrawn status | Lost status | Source of classification or shelving scheme | Damaged status | Not for loan | Home library | Current library | Shelving location | Date acquired | Total Checkouts | Full call number | Barcode | Date last seen | Copy number | Price effective from | Koha item type |
|---|---|---|---|---|---|---|---|---|---|---|---|---|---|---|---|
| Dewey Decimal Classification | London | London | Journal article | 04/09/2003 | ABS66998 | 123505-1001 | 06/08/2019 | 1 | 06/08/2019 | Law report |